[Event "MARCEL 1st Div Ch-League 2019"]
[Site "Dhaka"]
[Date "2019.11.14"]
[Round "3.2"]
[White "Sarbojit Paul"]
[Black "Moniruzzaman, Masud"]
[Result "1-0"]
[WhiteElo "2074"]
[BlackElo "1828"]
[Annotator "NA RC"]
[PlyCount "67"]
[EventDate "2019.11.12"]
[EventCountry "BAN"]
[SourceTitle "playchess.com"]
[Source "ChessBase"]
[SourceQuality "1"]
[TimeControl "5400+30"]

{[%evp 8,67,70,26,37,24,43,30,37,22,37,-2,58,51,89,53,71,8,16,31,12,9,56,8,25,0,-3,-12,-2,-56,-35,-14,-19,-26,-17,-20,-37,-24,-6,-42,-33,-47,-19,-35,66,37,33,28,54,42,33,30,130,120,661,1139,2881,1723,4818,29981,29981,29982]} 1. e4 {[%emt 0:00:41]} d5 {[%emt 0:00:00]} 2. exd5 {[%emt 0:01:04]} Qxd5 {[%emt 0:02:01]} 3. Nc3 {[%emt 0:00:38]} Qd6 {[%emt 0:00:40]} 4. d4 {[%emt 0:00:24]} a6 {[%emt 0:01:54]} 5. h3 {[%emt 0:02:04]} Nf6 {[%emt 0:01:44]} 6. Nf3 {[%emt 0:00:28]} Bf5 {[%emt 0:00:43]} 7. Be3 {[%emt 0:11:06] B01: Scandinavian Defence} (7. Bc4 e6 8. O-O Nc6 9. Re1 Be7 10. Bg5 Rd8 11. Qe2 Nxd4 12. Nxd4 Qxd4 13. Rad1 Qc5 14. Rxd8+ Bxd8 15. Bxf6 Bxf6 {0-1 (61) Deszczynski,A (2348)-Gashimov,V (2608) Warsaw 2005}) 7... Nc6 {[%emt 0:02:27]} 8. a3 {[%emt 0:01:55]} e6 {[%emt 0:02:50]} 9. g3 $146 {[%emt 0:01:56]} ({Predecessor:} 9. Bd3 Bxd3 10. Qxd3 Be7 11. O-O h6 12. b4 {½-½ (12) Knauer,M (1596)-Jacob,K (1690) Schney 2019}) 9... Qd8 {[%emt 0:02:37]} (9... O-O-O $11) 10. Bg2 {[%emt 0:00:40]} Be7 {[%emt 0:03:17]} 11. Ne5 {[%emt 0:05:28]} Nd5 {[%emt 0:02:26]} 12. Nxc6 {[%emt 0:07:22]} bxc6 {[%emt 0:00:17]} 13. Bd2 {[%emt 0:01:26]} O-O {[%emt 0:00:55]} 14. O-O {[%emt 0:05:51]} c5 {[%emt 0:01:43]} 15. g4 {[%emt 0:06:48]} Bg6 {[%emt 0:01:04]} 16. f4 {[%emt 0:01:35]} f5 $1 {[%emt 0:01:15]} 17. Nxd5 {[%emt 0:09:35]} exd5 {[%emt 0:01:32]} 18. c3 {[%emt 0:01:56]} cxd4 {[%emt 0:00:53]} 19. cxd4 {[%emt 0:00:23]} Rb8 {[%emt 0:00:24]} 20. b4 {[%emt 0:00:52]} fxg4 {[%emt 0:01:03]} 21. hxg4 {[%emt 0:00:47]} Be4 {[%emt 0:00:41]} 22. Qe2 {[%emt 0:04:42]} Bf6 {[%emt 0:01:37]} 23. Bc3 {[%emt 0:00:48]} Bxg2 {[%emt 0:03:23]} 24. Qxg2 {[%emt 0:02:56]} h6 {[%emt 0:01:13]} 25. Rae1 {[%emt 0:01:13]} a5 {[%emt 0:02:24] [#]} (25... Rb6 $11) 26. g5 $1 {[%emt 0:07:34]} hxg5 {[%emt 0:00:32]} 27. fxg5 {[%emt 0:00:04]} Bxg5 {[%emt 0:01:49]} 28. Rxf8+ {[%emt 0:01:54]} Kxf8 {[%emt 0:00:20]} 29. bxa5 {[%emt 0:03:33]} Rb3 {[%emt 0:07:02]} (29... Kg8 $11 {keeps the balance.}) 30. Qc2 {[%emt 0:01:04]} Rxc3 $4 {[%emt 0:03:50]} (30... Rb8 $16) 31. Qxc3 {[%emt 0:02:11]} Bf4 {[%emt 0:02:15]} 32. Qf3 {[%emt 0:03:14]} Qh4 {[%emt 0:03:46] [#]} 33. Qxf4+ $3 {[%emt 0:00:26]} Qxf4 {[%emt 0:29:06] [#]} 34. Rf1 {[%emt 0:00:07]} 1-0

[Event "MARCEL 1st Div Ch-League 2019"]
[Site "Dhaka"]
[Date "2019.11.14"]
[Round "3.3"]
[White "Shivshankar Iyer S"]
[Black "Gias Uddin, Ahmed"]
[Result "0-1"]
[WhiteElo "1573"]
[BlackElo "1900"]
[Annotator "NA RC"]
[PlyCount "84"]
[EventDate "2019.11.12"]
[EventCountry "BAN"]
[SourceTitle "playchess.com"]
[Source "ChessBase"]
[SourceQuality "1"]
[TimeControl "5400+30"]

{[%evp 8,84,25,29,38,14,24,41,65,47,72,62,92,93,101,75,106,41,95,77,114,120,131,107,146,143,171,195,178,92,421,107,116,75,65,91,77,31,182,141,222,-8,177,169,160,170,32767,32767,32767,32767,32767,32767,32767,32767,32767,32767,32767,32767,32767,32767,32767,261,303,-29990,-29991,-29991,-29992,-29992,-454,-29993,-29994,-29994,-29995,-29995,-29995,-29995,-811,-29996,-29996]} 1. d4 {[%emt 0:00:00]} Nf6 {[%emt 0:00:01]} 2. Nf3 {[%emt 0:00:03]} d6 {[%emt 0:00:29]} 3. g3 {[%emt 0:02:17]} g6 {[%emt 0:00:37]} 4. c4 {[%emt 0:00:32]} Bg7 {[%emt 0:00:11]} 5. Nc3 {[%emt 0:00:47]} O-O {[%emt 0:00:25]} 6. Bg2 {[%emt 0:00:18]} c5 {[%emt 0:00:24]} 7. d5 {[%emt 0:02:06]} e5 {[%emt 0:00:43]} 8. e4 {[%emt 0:03:12]} Ne8 {[%emt 0:00:57]} 9. O-O {[%emt 0:01:23]} f5 {[%emt 0:05:44] E64: King's Indian: Fianchetto: 6...c5 7 d5} (9... Bg4 10. Qd3 Bxf3 11. Qxf3 Nd7 12. Qe2 f5 13. f4 exf4 14. Bxf4 fxe4 15. Nxe4 Qe7 16. Rae1 h6 17. h4 {1-0 (35) Cruz,C (2562)-Munoz Pantoja,M (2511) Riga 2019}) 10. Bg5 {[%emt 0:06:58]} Nf6 {[%emt 0:04:43]} 11. Qd2 {[%emt 0:03:14]} Qb6 $146 {[%emt 0:04:06]} ({Predecessor:} 11... a6 12. a4 Nbd7 13. exf5 gxf5 14. Nh4 Nb6 15. b3 Bd7 16. Bh6 f4 17. Bxg7 Kxg7 18. gxf4 {0-1 (46) Dikov,A (1976)-Nevzorov,N Tambov 2015}) 12. Nh4 {[%emt 0:10:56]} (12. exf5 $16 Bxf5 13. Nh4) 12... f4 {[%emt 0:11:08]} ({Black should try} 12... Nxe4 $14 13. Nxe4 (13. Bxe4 fxe4 14. Nxe4 Bh3 $14) 13... fxe4) 13. gxf4 {[%emt 0:06:57]} exf4 {[%emt 0:00:33]} 14. Bxf4 {[%emt 0:00:59]} Nh5 {[%emt 0:02:44]} 15. Be3 {[%emt 0:00:36]} (15. Bg5 $18) 15... Bf6 {[%emt 0:01:25]} (15... Nd7 $142) 16. Nf3 {[%emt 0:11:41]} Na6 {[%emt 0:06:21]} 17. e5 {[%emt 0:07:46]} dxe5 {[%emt 0:00:56]} 18. Ne4 {[%emt 0:00:59]} (18. d6 $18) 18... Bh8 $2 {[%emt 0:03:01]} (18... Nf4 $16) 19. Ne1 $2 {[%emt 0:14:15]} (19. d6 $18 {and the rest is easy.} Nf6 20. Nxf6+ Bxf6 21. d7) 19... Nf4 {[%emt 0:01:13]} 20. Bxf4 {[%emt 0:02:19]} exf4 {[%emt 0:00:25] [#]} 21. d6 $1 {[%emt 0:03:15]} Bd4 {[%emt 0:01:25] [#]} 22. Nf3 {[%emt 0:01:05]} (22. Nc2 $1 $16) 22... Be6 {[%emt 0:00:51]} ({Black should try} 22... Qxb2 $14 23. Rad1 Qxd2 24. Rxd2 Bd7) 23. Nxd4 {[%emt 0:00:37]} cxd4 {[%emt 0:00:19]} 24. c5 $2 {[%emt 0:07:39]} (24. Ng5 $16 Bxc4 25. Rfc1) 24... Qb4 $2 {[%emt 0:01:20]} (24... Nxc5 $11 {and Black stays safe.} 25. Qxd4 Nxe4 26. Qxb6 axb6 27. Bxe4 Rxa2) 25. Qxb4 {[%emt 0:00:46]} Nxb4 {[%emt 0:00:02] [#]} 26. Ng5 $1 {[%emt 0:00:17]} Bd7 {[%emt 0:09:17]} 27. Bxb7 {[%emt 0:02:10]} Rab8 {[%emt 0:00:12]} 28. Be4 {[%emt 0:00:07]} Nc6 {[%emt 0:02:52]} 29. Bd5+ {[%emt 0:02:34]} Kh8 {[%emt 0:01:43]} 30. Nf7+ {[%emt 0:01:18]} Kg7 {[%emt 0:01:51]} 31. Bxc6 {[%emt 0:00:11]} Bxc6 {[%emt 0:01:35]} 32. Ne5 {[%emt 0:00:07]} Bd5 {[%emt 0:00:41]} 33. Rfe1 {[%emt 0:01:21]} Rxb2 {[%emt 0:03:39]} 34. c6 {[%emt 0:02:02]} Rf5 {[%emt 0:02:01]} 35. Reb1 $4 {[%emt 0:02:13]} (35. h4 $18 Rh5 36. f3 Rxh4 37. Nd3 Bxf3 38. Nxb2 Bxc6 39. Rac1 Rh1+ 40. Kf2 Rh2+ 41. Kf1 Bb5+ 42. Nc4) 35... Rg5+ {[%emt 0:01:24]} 36. Kf1 {[%emt 0:00:07]} Bg2+ {[%emt 0:01:12]} 37. Ke1 {[%emt 0:01:55]} Rxe5+ {[%emt 0:00:14]} 38. Kd1 {[%emt 0:00:04]} Bf3+ {[%emt 0:00:27]} 39. Kc1 {[%emt 0:00:03]} Rxf2 {[%emt 0:00:17]} 40. Rb7+ {[%emt 0:00:30] [#]} Kh6 $1 {[%emt 0:00:22]} 41. Re7 {[%emt 0:00:26]} Rc5+ {[%emt 0:02:24]} (41... Rg5 $142 42. Re1 Rc5+ 43. Kb1 Bg4 44. h4 Bf5+ 45. Re4 Bxe4#) 42. Kb1 {[%emt 0:00:23]} Bg4 {[%emt 0:01:32]} 0-1

[Event "MARCEL 1st Div Ch-League 2019"]
[Site "Dhaka"]
[Date "2019.11.14"]
[Round "3.4"]
[White "Anisuzzaman, Jewel"]
[Black "Ahmed, Sk. Raju"]
[Result "1-0"]
[WhiteElo "1852"]
[BlackElo "1794"]
[Annotator "NA RC"]
[PlyCount "127"]
[EventDate "2019.11.12"]
[EventCountry "BAN"]
[SourceTitle "playchess.com"]
[Source "ChessBase"]
[SourceQuality "1"]
[TimeControl "5400+30"]

{[%evp 13,127,8,16,-69,33,10,30,29,25,24,35,-6,0,-6,116,103,128,83,89,79,74,77,93,0,16,-54,-48,-58,-29,-47,0,-22,-7,-16,-11,-2,-2,-17,-14,-14,-3,-10,-8,-8,-13,-16,-11,32767,32767,32767,32767,32767,32767,32767,32767,32767,32767,32767,32767,32767,-16,-24,-29,-23,0,0,0,0,60,8,143,140,218,154,156,162,165,166,254,126,126,69,41,0,137,162,193,100,32767,32767,32767,32767,32767,32767,32767,32767,32767,32767,32767,32767,32767,32767,762,773,800,619,895,829,659,944,772,1508,29983,1537,29984,29986]} 1. Nf3 {[%emt 0:00:00]} d5 {[%emt 0:00:00]} 2. g3 {[%emt 0:00:00]} Nd7 {[%emt 0:00:27]} 3. Bg2 {[%emt 0:00:00]} c6 {[%emt 0:00:18]} 4. O-O {[%emt 0:00:00]} g6 {[%emt 0:00:05]} 5. c4 {[%emt 0:01:38]} Bg7 {[%emt 0:01:53]} 6. d3 {[%emt 0:03:11] A07: Réti Opening: New York and Capablanca Systems} (6. cxd5 cxd5 7. Nc3 Ngf6 8. b3 O-O 9. Bb2 b6 10. Rc1 Bb7 11. d3 a6 12. b4 Rc8 {½-½ (56) Iskandarov,M (2464)-Sumets,A (2569) Konya 2017}) 6... Ngf6 {[%emt 0:00:32]} 7. Nc3 {[%emt 0:04:02]} O-O {[%emt 0:03:03]} 8. Bf4 {[%emt 0:06:07]} ({White should try} 8. cxd5 $11 Nxd5 9. Bd2) 8... a6 $146 {[%emt 0:07:50]} ({Black should play} 8... d4 $15 9. Na4 (9. Nxd4 e5 $17 {[%mdl 64] Double Attack}) 9... Re8) ({Predecessor:} 8... Re8 9. Ne5 d4 10. Na4 Nh5 11. Nxc6 bxc6 12. Bxc6 Nxf4 13. Bxa8 Nh3+ 14. Kh1 Qc7 15. Qb3 {1-0 (43) Truman,R (1958)-Pafura,G (2061) Crawley 2016}) 9. Rc1 {[%emt 0:03:06]} dxc4 {[%emt 0:00:27]} 10. dxc4 {[%emt 0:00:24]} Nh5 {[%emt 0:00:54]} 11. Be3 {[%emt 0:02:02]} e5 {[%emt 0:00:54]} 12. Qc2 {[%emt 0:00:55]} f5 {[%emt 0:03:19]} 13. Rcd1 {[%emt 0:02:43]} Qc7 {[%emt 0:01:14] [#]} (13... Qe7 $11) 14. Ng5 $1 {[%emt 0:05:57]} Rf6 {[%emt 0:20:13]} 15. c5 {[%emt 0:09:37]} Nf8 {[%emt 0:03:19]} 16. Na4 {[%emt 0:03:26]} h6 {[%emt 0:01:46]} 17. Nb6 {[%emt 0:01:20]} Rb8 {[%emt 0:00:22]} 18. Nh3 {[%emt 0:01:38]} ({White should play} 18. Nf3 $16) 18... Be6 {[%emt 0:00:23]} 19. f4 {[%emt 0:00:32]} (19. f3 $11) 19... e4 $1 {[%emt 0:02:13]} 20. Rd6 {[%emt 0:02:44]} Rd8 {[%emt 0:06:26]} 21. Rfd1 {[%emt 0:06:50]} Re8 {[%emt 0:06:43]} 22. Nf2 {[%emt 0:02:33]} Rf7 {[%emt 0:01:12]} 23. Bd4 {[%emt 0:08:12]} Nf6 {[%emt 0:00:42]} 24. Be5 {[%emt 0:00:54]} Qe7 {[%emt 0:02:38]} 25. e3 {[%emt 0:00:54]} Nd5 {[%emt 0:00:48]} 26. Nxd5 {[%emt 0:02:53]} Bxd5 {[%emt 0:00:29]} 27. Bxg7 {[%emt 0:00:48]} Rxg7 {[%emt 0:02:08]} 28. Rd2 {[%emt 0:02:23]} Rd8 {[%emt 0:00:30]} 29. Rxd8 {[%emt 0:01:19]} Qxd8 {[%emt 0:00:08]} 30. Nd1 {[%emt 0:01:40]} Qa5 {[%emt 0:00:45]} 31. a3 {[%emt 0:05:12]} Ne6 {[%emt 0:01:03]} 32. Bf1 {[%emt 0:03:24]} Qxc5 {[%emt 0:01:22]} 33. Qxc5 {[%emt 0:00:17]} Nxc5 {[%emt 0:00:10]} 34. Nc3 {[%emt 0:00:31]} Nb3 {[%emt 0:03:18]} 35. Rd1 {[%emt 0:00:49]} Be6 {[%emt 0:05:23]} 36. Rd6 {[%emt 0:00:43]} Kf7 {[%emt 0:00:24]} 37. Rxe6 {[%emt 0:00:18] Remove Defender} Kxe6 {[%emt 0:00:59]} 38. Bc4+ {[%emt 0:00:01]} Kd6 {[%emt 0:01:03]} 39. Bxb3 {[%emt 0:00:12]} b5 {[%emt 0:00:21]} 40. Kf2 {[%emt 0:00:58]} Kc5 {[%emt 0:00:27] [#]} ({Better is} 40... h5 $11) 41. Ne2 {[%emt 0:06:08]} ({White should play} 41. g4 $1 $16) 41... b4 {[%emt 0:00:25]} (41... Rd7 $11 {remains equal.}) 42. a4 {[%emt 0:00:53]} Kd6 {[%emt 0:01:03]} (42... Kb6 $16 {is a better defense.}) 43. Bc4 {[%emt 0:00:49]} a5 {[%emt 0:01:13]} 44. Nd4 {[%emt 0:01:19]} Re7 {[%emt 0:00:40]} 45. h4 {[%emt 0:00:55]} Kc5 {[%emt 0:00:29]} (45... c5 $16 {might work better.} 46. Nb3 Ra7) 46. b3 {[%emt 0:00:43]} h5 {[%emt 0:02:19]} 47. Ke2 {[%emt 0:02:32]} ({Better is} 47. Ne6+ $16 Kd6 48. Ng5) 47... Kd6 $1 {[%emt 0:00:27]} 48. g4 {[%emt 0:02:02]} (48. Kf1 $14) 48... hxg4 {[%emt 0:00:23] [#]} ({Much worse is} 48... fxg4 49. f5 $16) (48... c5 $1 $11 {keeps the balance.} 49. Nb5+ Kd7) 49. h5 $1 {[%emt 0:00:01]} c5 {[%emt 0:04:18]} 50. Nb5+ {[%emt 0:00:11]} Kc6 {[%emt 0:01:08]} 51. hxg6 {[%emt 0:09:44]} Rg7 {[%emt 0:00:06]} 52. Be6 {[%emt 0:00:00]} c4 {[%emt 0:03:58]} 53. Bxc4 {[%emt 0:00:00]} Rxg6 {[%emt 0:00:01]} 54. Nd4+ {[%emt 0:00:00]} Kc5 {[%emt 0:01:04]} 55. Nxf5 {[%emt 0:00:00]} g3 {[%emt 0:00:17]} 56. Kf1 {[%emt 0:00:00]} g2+ {[%emt 0:00:17]} 57. Kg1 {[%emt 0:00:00]} Rg4 {[%emt 0:03:47]} 58. Be6 {[%emt 0:00:00]} Rg6 {[%emt 0:00:18] [#]} 59. Bd5 $1 {[%emt 0:00:00]} Rg4 {[%emt 0:01:57]} 60. Bxe4 {[%emt 0:00:00]} Rg8 {[%emt 0:00:25]} 61. Bd3 {[%emt 0:00:00]} Rg4 {[%emt 0:00:07]} 62. Bc4 {[%emt 0:00:00]} Kc6 {[%emt 0:00:09]} 63. Nd4+ $18 {[%emt 0:00:00]} (63. Be2 $142 Rxf4 64. exf4 Kd5 65. Bd3 Kc6 66. Kxg2 Kd5 67. Ne3+ Kd4 68. Nc4) 63... Kd7 {[%emt 0:00:07]} 64. Be6+ {[%emt 0:00:00] Double Attack} 1-0

[Event "MARCEL 1st Div Ch-League 2019"]
[Site "Dhaka"]
[Date "2019.11.14"]
[Round "3.5"]
[White "Hossain, Monir"]
[Black "Shafiqul, Islam"]
[Result "1-0"]
[WhiteElo "2058"]
[BlackElo "1920"]
[Annotator "NA RC"]
[PlyCount "77"]
[EventDate "2019.11.12"]
[EventCountry "BAN"]
[SourceTitle "playchess.com"]
[Source "ChessBase"]
[SourceQuality "1"]
[TimeControl "5400+30"]

{[%evp 8,72,27,15,24,12,13,10,4,14,32,39,32,31,36,24,50,39,33,46,54,35,37,49,91,39,112,27,27,38,42,20,149,206,181,184,206,108,194,164,183,208,366,364,438,437,458,200,456,482,446,482,472,477,467,494,561,577,548,642,602,593,570,648,625,664,678]} 1. d4 {[%emt 0:00:00]} e6 {[%emt 0:00:36]} 2. c4 {[%emt 0:00:26]} Nf6 {[%emt 0:00:06]} 3. Nf3 {[%emt 0:00:18]} Bb4+ {[%emt 0:00:29]} 4. Bd2 {[%emt 0:00:20]} a5 {[%emt 0:00:49]} 5. Nc3 {[%emt 0:00:58]} d5 {[%emt 0:00:36]} 6. e3 {[%emt 0:05:25]} O-O {[%emt 0:06:00]} 7. Bd3 {[%emt 0:00:11] E11: Bogo-Indian} (7. Qc2 b6 8. cxd5 exd5 9. a3 Be7 10. Bd3 Re8 11. O-O Bf8 12. e4 dxe4 13. Nxe4 Nbd7 14. Neg5 Bd6 15. Bc4 Re7 16. Nxf7 Rxf7 17. Bxf7+ Kh8 18. Rfe1 Bb7 19. Ng5 Qf8 20. Be6 Bd5 21. Bxd5 {1-0 (21) Bacrot,E (2695)-Van Wely,L (2695) chess.com INT 2017}) 7... b6 {[%emt 0:24:29]} 8. O-O {[%emt 0:00:26]} Bxc3 {[%emt 0:04:39]} 9. Bxc3 {[%emt 0:01:07]} dxc4 $146 {[%emt 0:12:10]} ({Predecessor:} 9... Bb7 10. Qe2 Nbd7 11. Rfd1 Qe7 12. Rac1 dxc4 13. Bxc4 {½-½ (28) Moussa,A (2235)-Schleifer,M (2320) Quebec 1997}) 10. Bxc4 {[%emt 0:00:35]} Bb7 {[%emt 0:00:41]} 11. Qe2 {[%emt 0:00:57]} Ne4 {[%emt 0:00:53]} 12. Rfd1 {[%emt 0:00:56]} Nxc3 {[%emt 0:01:14]} 13. bxc3 {[%emt 0:00:11]} c6 {[%emt 0:04:30]} 14. a4 {[%emt 0:00:47]} Nd7 {[%emt 0:01:00]} 15. e4 {[%emt 0:00:18]} Qc8 {[%emt 0:09:37]} 16. Qe3 {[%emt 0:06:29]} Ba6 {[%emt 0:05:23]} (16... Qc7 $14) 17. Bxa6 {[%emt 0:01:04]} ({White should play} 17. Bb3 $16) 17... Qxa6 {[%emt 0:00:18]} 18. e5 {[%emt 0:00:17]} b5 {[%emt 0:03:39]} 19. Ng5 {[%emt 0:00:42]} bxa4 {[%emt 0:05:50]} ({Black should try} 19... h6 $14 20. Ne4 Nb6) 20. Qe4 {[%emt 0:00:58]} ({Don't take} 20. Rxa4 $6 h6 $14) 20... g6 {[%emt 0:00:15] [#]} 21. Qh4 $1 {[%emt 0:00:31]} ({But not} 21. Rxa4 $6 Nb6 $16) 21... h5 {[%emt 0:00:48]} 22. Ne4 {[%emt 0:05:04]} ({But not} 22. Rxa4 $6 Nb6 $14) ({Better is} 22. Re1 $18) 22... Qe2 {[%emt 0:01:21]} (22... Ra7 $16) 23. Re1 {[%emt 0:00:39]} Qg4 {[%emt 0:02:11]} 24. Qe7 {[%emt 0:00:25]} Rad8 {[%emt 0:01:14]} (24... Ra7 {is a better defense.} 25. h3 (25. Rxa4 Rfa8 $16) 25... Qf4) 25. Nd6 {[%emt 0:02:09]} Nb6 {[%emt 0:10:30] [#]} 26. Nxf7 $1 {[%emt 0:01:51]} Nd5 {[%emt 0:02:04]} 27. Nh6+ {[%emt 0:00:14]} Kh8 {[%emt 0:00:04] [#]} 28. Qxf8+ $1 {[%emt 0:00:14]} Rxf8 {[%emt 0:00:14]} 29. Nxg4 {[%emt 0:00:14]} hxg4 {[%emt 0:00:10]} 30. Rxa4 {[%emt 0:00:56]} Nxc3 {[%emt 0:00:31]} 31. Rxa5 {[%emt 0:00:20]} Nb5 {[%emt 0:01:04]} 32. Re4 {[%emt 0:01:46]} Rd8 {[%emt 0:00:15]} 33. Rxg4 {[%emt 0:00:47]} Nxd4 {[%emt 0:00:22]} 34. h3 {[%emt 0:00:49]} Kg7 {[%emt 0:00:41]} 35. Ra7+ {[%emt 0:00:51]} Kh6 {[%emt 0:00:18]} 36. Rc7 {[%emt 0:01:35]} Rd5 $18 {[%emt 0:00:41]} 37. Rxd4 {[%emt 0:00:20]} Rxd4 {[%emt 0:00:19]} 38. Rxc6 {[%emt 0:00:11]} Rd1+ {[%emt 0:00:33]} 39. Kh2 {[%emt 0:00:16]} 1-0

[Event "MARCEL 1st Div Ch-League 2019"]
[Site "Dhaka"]
[Date "2019.11.14"]
[Round "3.6"]
[White "Subhayan Kundu"]
[Black "Tutul, Dhar"]
[Result "1-0"]
[WhiteElo "2269"]
[BlackElo "1844"]
[Annotator "TA"]
[PlyCount "55"]
[EventDate "2019.11.12"]
[EventCountry "BAN"]
[SourceTitle "playchess.com"]
[Source "ChessBase"]
[SourceQuality "1"]

{[%evp 13,68,31,52,39,31,37,29,37,64,54,61,57,91,90,83,85,99,64,76,63,75,19,81,41,47,53,70,44,45,43,43,51,45,20,41,21,11,-9,0,-11,-2,0,0,-33,139,206,635,629,612,606,1387,1347,12840,12840,29994,29995,29999]} 1. e4 e5 2. Nf3 Nc6 3. Bc4 Nf6 4. d3 Be7 5. O-O O-O 6. Re1 d6 7. a4 Bg4 8. h3 {C55: Two Knights: 4 d3, 4 d4 exd4 5 e5 and Max Lange Attack} Bxf3 (8... Bh5 9. Nbd2 Nd4 10. g4 Nxf3+ 11. Qxf3 Bg6 12. Qg3 d5 13. exd5 Nxd5 14. Nf3 f6 15. Nxe5 fxe5 16. Qxe5 Bf7 17. Bxd5 Bxd5 18. Qxe7 Rf3 19. Qxd8+ Rxd8 20. Re5 Rxh3 21. Rh5 {½-½ (21) Wei,Y (2725)-Bu,X (2711) Ho Chi Minh City 2017}) 9. Qxf3 Nd4 10. Qd1 {White has an edge.} c5 11. c3 $146 ({Predecessor:} 11. Nd2 Rb8 12. c3 Ne6 13. Nf3 Qd7 14. Qb3 h6 15. Nh4 a6 {½-½ (76) Biti,O (2375)-Jukan,N (1978) Ljubljana 2014}) 11... Nc6 12. Nd2 {[%cal Bb1d2,Bd2f1,Bf1e3][%mdl 32]} Qc7 13. Nf1 Rad8 14. Ne3 a6 15. g4 Qd7 16. Qf3 Kh8 17. a5 (17. h4 $16) 17... Rde8 (17... Rb8 $11 {remains equal.}) 18. Bb3 Bd8 19. Ba4 Qc8 20. Nc2 Re6 21. b4 cxb4 22. cxb4 Ne8 23. Be3 (23. d4 $5) 23... Rf6 24. Qg3 Rg6 25. f3 f5 26. exf5 Rxf5 27. d4 $36 {[%mdl 2048] Strongly threatening d5. White has some pressure.} Nf6 28. Rac1 {Played: d4xe5} 1-0

[Event "MARCEL 1st Div Ch-League 2019"]
[Site "Dhaka"]
[Date "2019.11.14"]
[Round "3.7"]
[White "Hossain, Alamgir"]
[Black "Roy, Prantik"]
[Result "0-1"]
[WhiteElo "2032"]
[BlackElo "2349"]
[Annotator "TA"]
[PlyCount "86"]
[EventDate "2019.11.12"]
[EventCountry "BAN"]
[SourceTitle "playchess.com"]
[Source "ChessBase"]
[SourceQuality "1"]

{[%evp 9,94,16,41,7,8,5,12,10,4,-1,3,-1,6,14,5,2,22,0,21,15,15,13,17,0,0,-11,0,-87,-36,-68,-68,-147,-144,-141,-137,-152,-167,-194,-172,-183,-190,-187,-197,-174,-165,-226,-228,-222,-216,-228,-200,-211,-209,-237,-221,-280,-238,-405,-243,-475,-405,-760,-772,-747,-739,-1047,-1031,-1016,-948,-29989,-29990,-29990,-29991,-29992,-29984,-29991,-29983,-29988,-6064,-29987,-29988,-29984,-29975,-29990,-29968,-29992,-29993]} 1. e4 e6 2. d4 d5 3. Nc3 Bb4 4. e5 Qd7 5. Bd2 b6 6. Bd3 {C16: French: 3 Nc3 Bb4 4 e5: Lines without ...c5} (6. Qg4 {feels hotter.} Kf8 7. Nf3 Ne7 8. Qf4 Ng6 9. Qe3) (6. h4 Ne7 7. h5 Ba6 8. Bxa6 Nxa6 9. Qe2 Nb8 10. O-O-O Bxc3 11. Bxc3 c5 12. Nf3 h6 13. dxc5 bxc5 {1-0 (45) Tutisani,N (2469)-Bernadskiy,V (2586) Yerevan 2018}) 6... Ba6 7. Bxa6 Nxa6 8. Qe2 {The position is equal.} Nb8 {[%cal Ba6b8,Bb8c6,Bc6e7,Be7f5][%mdl 32]} 9. f4 Ne7 10. Nf3 Nbc6 $146 ({Predecessor:} 10... a6 11. Nd1 Bxd2+ 12. Qxd2 c5 13. c3 Nbc6 {1-0 (25) Schliamser,F (2003)-Iovaldi,S La Pampa 2015}) 11. a3 Bxc3 $1 12. Bxc3 h5 13. Nh4 Ng6 14. Nxg6 fxg6 15. Qd3 Ne7 16. g3 Nf5 17. b4 Kf7 18. Bb2 {[#]} (18. O-O $11) 18... Rac8 (18... c5 $1 $17 {[%mdl 512]}) 19. O-O c5 20. c3 (20. dxc5 $15 bxc5 21. c4) 20... cxd4 $1 $17 21. cxd4 Rc4 22. Rac1 Rhc8 23. Rcd1 Qa4 24. Rd2 a5 $1 25. bxa5 bxa5 {[%cal Bb6a5,Ba5a4][%mdl 32]} 26. Rf3 Qc6 27. Kg2 (27. Qe2 $142) 27... a4 $19 28. Kh3 Rb8 29. Qe2 Rb6 30. Rfd3 {[#]} Qb7 $1 31. Qf2 Rb3 32. Kg2 Rc8 33. Kh3 $2 (33. Qe2) 33... Kg8 34. Kg2 $2 (34. Qe2 {was necessary.}) 34... Rb8 35. Bc1 (35. Rxb3 $142 Qxb3 36. Re2) 35... Rxd3 36. Rxd3 Qb1 37. Qd2 Rc8 {Strongly threatening ...Rc2!} 38. Rc3 Qe4+ 39. Kh3 Rxc3 40. Qxc3 Qe2 {[%cal Re2f1]} 41. Qd2 Qf1+ 42. Qg2 Qxc1 43. Qf3 Qc2 {Played: Qc1-e3} 0-1